000
00293cam a22000977a 4500
008
180718b1986 xxu||||| |||| 00| 0 eng d
082
_a
B1096 In7 4
245
_a
XI World Congress of Sociology
260
_a
New Delhi
_b
Institute of Social Sciences
_c
1986
500
_a
XI World Congress of Sociology
999
_c
440828
_d
440828